000 00867nam a2200253Ia 4500
003 OSt
005 20220923220113.0
006 a|||||r|||| 00| 0
007 ta
008 220922b |||||||| |||| 00| 0 hin d
024 _a184,319
037 _cTextual
040 _aARTS
_cARTS
_bhin
041 _2hin
_ahin
082 _aO152,2:g, L8
100 _aशर्मा, गिरिराज, गुजन
_9156370
245 0 _aहिन्दी नाटक
_b मूल्य संक्रमण
246 _aHindī nāṭaka: mūlya sankramaṇa
260 _aजयपुर
_b संघी प्रकाशन
_c1978
300 _a218 पृ.
_ccm.
650 _aहिन्दी साहित्य
_9156264
942 _hO152,2:g, L8
_cTEXL
_2CC
999 _c337603
_d337603